| 000 | 00599nam a2200229Ia 4500 | ||
|---|---|---|---|
| 003 | OSt | ||
| 005 | 20230518162701.0 | ||
| 008 | 210423s2013 xx 000 0 und d | ||
| 020 | _a978-0-7020-4548-6 | ||
| 040 | _cAL | ||
| 041 | _aeng | ||
| 082 |
_a616.079 MALI _223 |
||
| 100 |
_aMALE (David);BROSTOFF (Johnathan);ROTH (David B);ROITT (Ivan M) _9109006 |
||
| 245 | _aImmunology Ed 8 | ||
| 260 |
_bElsevier _c2013 |
||
| 300 |
_ax,472 _bPB |
||
| 365 |
_b1823.41 _cGBP |
||
| 650 |
_aImmunology _9109007 |
||
| 650 |
_aMedical Sciences _9109008 |
||
| 906 | _aEd ; Immunology | ||
| 942 |
_2ddc _cBK |
||
| 999 |
_c165183 _d165183 |
||